Statistics for English food

Click here to take the quiz!

General Stats

  • This quiz has been taken 510 times
  • The average score is 10 of 16

Answer Stats

HintAnswer% Correct
Enjoy these with jam and cream as part of an afternoon teaScones
96%
Typical seaside fayre - the most English food of all?Fish and chips
88%
You'll either love or hate this dense black spreadMarmite
88%
Toast these at tea time and let butter drip into their holesCrumpets
82%
Buy a stick of this at Blackpool, or Brighton, or just about anywhere as long as it's by the seaRock
70%
As above but with beefCottage pie
66%
Leave one out for Father Christmas (and don't forget a carrot for Rudolf)Mince pie
66%
Lamb and root vegetables in a rich gravy with potatoes on topShepherd's pie
66%
Eat these on Good Friday - they're really just teacakes the rest of the yearHot crossed buns
53%
Black and white striped mintsHumbugs
51%
A little Somerset village gives its name to the cheese that was first made thereCheddar
45%
Oats, syrup and butter, delicious (if not great for the waistline)Flapjack
45%
Sausages in batterToad in the hole
45%
If you find the sixpence you'll have good luck all yearChristmas pudding
41%
Potatoes and cabbageBubble and squeak
39%
Kendal's specialityMint cake
33%

Score Distribution

Percentile by Number Answered

Percent of People with Each Score

Your Score History

You have not taken this quiz